logo

Bir Sreshtho Munshi Abdur Rouf Library
Jhenaidah Cadet College

মেয়ে শিশু সামাজিক বৈষম্য ধরন ও প্রভাব / (Record no. 1483)

MARC details
000 -LEADER
fixed length control field 00764nam a2200241 a 4500
001 - CONTROL NUMBER
JCCL Control Number 1483
003 - CONTROL NUMBER IDENTIFIER
JCCL marc code BD-JhCC
005 - DATE AND TIME OF LATEST TRANSACTION
control field 20171019203005.0
008 - FIXED-LENGTH DATA ELEMENTS--GENERAL INFORMATION
fixed length control field 171019s2005 bg a|||| ||a| 000 0 ben d
020 ## - INTERNATIONAL STANDARD BOOK NUMBER
International Standard Book Number 9844018315
035 ## - SYSTEM CONTROL NUMBER
system control number (BD-JhCC)1483
040 ## - CATALOGING SOURCE
Original cataloging agency BD-JhCC
Modifying agency BD-JhCC
041 ## - LANGUAGE CODE
Language code of Book ben
082 ## - DEWEY DECIMAL CLASSIFICATION NUMBER
Classification number 362.4082
Author mark and Year HOS 2005
100 ## - MAIN ENTRY--PERSONAL NAME
Personal name হোসেন, আনোয়ার
245 ## - TITLE STATEMENT
Title মেয়ে শিশু সামাজিক বৈষম্য ধরন ও প্রভাব /
Statement of responsibility, etc আনোয়ার হোসেন,
250 ## - EDITION STATEMENT
Edition statement 2nd Edi
260 ## - PUBLICATION, DISTRIBUTION, ETC. (IMPRINT)
Place of publication, distribution, etc ঢাকা :
Name of publisher, distributor, etc আগামী প্রকাশনী,
Date of publication, distribution, etc 2005
300 ## - PHYSICAL DESCRIPTION
Pagination 208 p. :
Other physical details ill ;
Dimensions 24 cm.
650 ## - SUBJECT ADDED ENTRY--TOPICAL TERM
Topical term or geographic name as entry element Social descrimination
942 ## - ADDED ENTRY ELEMENTS (KOHA)
Source of classification or shelving scheme Dewey Decimal Classification
Koha item type Books
Holdings
Source of classification or shelving scheme Damaged status Not for loan Home library Current library Shelving location Source of acquisition Cost, normal purchase price Total Checkouts Full call number Barcode Date last seen Copy number Koha item type
Dewey Decimal Classification     JCC Rouf Library JCC Rouf Library General Stacks Zahedee Foundation 200.00   362.4082 HOS 2005 2568 10/19/2017 C-1 Books

JCC Library | Contacts | JCC Home

Last Update on 23 September 2017
Copyright @ 2017-2020 JCC Rouf Library
Rouf Library, Jhenidah Cadet College (JCC), Bangladesh